000 00451nam a22001697a 4500
008 170323b xxu||||| |||| 00| p tur d
041 _atur
050 _aPL234.B38
100 _aBatur, Enis
_936
245 _aPerişey Lirik Şiirler 1985-1992
250 _a3. Baskı
260 _aİstanbul
_bAltıkırkbeş Yayınevi
_cMart 1998
300 _a164 sayfa
500 _aAltıırkbeş Yayın 56
650 0 _9145
_aTürk Edebiyatı
942 _2lcc
_cBK
999 _c1044
_d1022